Top 50 Albums from the 2000s - Statistics

General Stats
  • This quiz has been taken 19 times
  • The average score is 22 of 50
Answer Stats
Artist Album % Correct
#1: Radiohead Kid A
89%
#2: Radiohead In Rainbows
84%
#8: Kanye West The College Dropout
84%
#19: Sigur Rós ( )
79%
#5: Arcade Fire Funeral
79%
#23: The Strokes Is This It
79%
#7: Radiohead Amnesiac
74%
#4: Madvillain Madvillainy
74%
#25: Radiohead Hail to the Thief
68%
#14: Kanye West Late Registration
68%
#12: J Dilla Donuts
63%
#6: Sufjan Stevens Illinois
63%
#15: Tool Lateralus
63%
#21: Queens of the Stone Age Songs for the Deaf
63%
#10: Björk Vespertine
63%
#13: Wilco Yankee Hotel Foxtrot
63%
#16: The Avalanches Since I Left You
58%
#11: The Microphones The Glow Pt. 2
58%
#18: Joanna Newsom Ys
58%
#36: MF DOOM Mm.. Food
53%
#9: Interpol Turn On the Bright Lights
53%
#31: The Flaming Lips Yoshimi Battles the Pink Robots
53%
#26: Daft Punk Discovery
47%
#24: Portishead Third
47%
#28: Animal Collective Merriweather Post Pavilion
42%
#45: Arcade Fire Neon Bible
42%
#33: LCD Soundsystem Sound of Silver
42%
#38: Animal Collective Strawberry Jam
42%
#41: The National Boxer
37%
#29: Electric Wizard Dopethrone
37%
#22: Boards of Canada Geogaddi
37%
#37: The Mars Volta De-Loused in the Comatorium
32%
#3: Godspeed You Black Emperor! Lift Yr. Skinny Fists Like Antennas to Heaven!
32%
#17: Modest Mouse The Moon & Antarctica
32%
#20: Opeth Blackwater Park
26%
#30: Have a Nice Life Deathconsciousness
26%
#32: Converge Jane Doe
26%
#48: Broken Social Scene You Forgot It in People
26%
#40: The Microphones Mount Eerie
21%
#34: Burial Untrue
21%
#35: Unwound Leaves Turn Inside You
16%
#50: Panda Bear Person Pitch
16%
#27: At the Drive-In Relationship of Command
16%
#39: Coil The Ape of Naples
16%
#42: Mastodon Crack the Skye
11%
#49: Opeth Ghost Reveries
11%
#44: Isis Panopticon
11%
#47: Akira Yamaoka Silent Hill 2: Original Soundtrack
11%
#43: Agalloch The Mantle
11%
#46: Agalloch Ashes Against the Grain
0%
No matching quizzes found
Score Distribution
Percent of People with Each Score
Percentile by Number Answered
Your Score History
You have not taken this quiz